| 000 | 01686nam1a2200325 i 4500 | ||
|---|---|---|---|
| 001 | RU\NLR\bibl\1804320 | ||
| 005 | 20260407150524.0 | ||
| 035 | _a(NLR Aleph) 001794971 | ||
| 090 |
_a1777778 _c1777778 |
||
| 100 | _a20110901g20099999k y0rusy50 ca | ||
| 101 | 0 | _arus | |
| 102 | _aRU | ||
| 105 | _a||||z ||||| | ||
| 200 | 1 |
_aЗаметки по информатике и математике _eсборник научных статей _fМ-во образования и науки Рос. Федерации, Федер. агентство по образованию, Ярослав. гос. ун-т им. П.Г. Демидова, Фак. информатики и вычисл. техники _g[редкол.: ... А.Н. Морозов (отв. ред.) и др.] |
|
| 210 |
_aЯрославль _cЯрГУ _d2009 |
||
| 215 | _d21 | ||
| 463 | 0 | _10011877841 | |
| 463 | 0 | _10011684966 | |
| 463 | 0 | _10012026714 | |
| 606 |
_aИнформатика _jСборники _92081274 _3RU\NLR\auth\661257251 |
||
| 606 | 1 |
_aМатематика _jСборники _9922118 _3RU\NLR\auth\6619329 |
|
| 686 | _aВ1я43 | ||
| 686 | _a3973.233я43 | ||
| 702 | 1 |
_4340 _8rus _7ca _aМорозов _bА. Н. _cканд. физ.-мат. наук _f1962- _gАнатолий Николаевич _3RU\NLR\auth\7770446 _953374 |
|
| 712 | 0 | 2 |
_4070 _aЯрославский государственный университет им. П. Г. Демидова _bФакультет информатики и вычислительной техники _3RU\NLR\AUTH\8810090309 _9681943 |
| 801 | 0 |
_aRU _bNLR _c20110901 _gRCR |
|
| 801 | 1 |
_aRU _bNLR _c20110901 |
|
| 852 |
_aNLR _j2010-3/33100 |
||
| 942 | _cBOOK | ||